[Event "T-Director's Swiss sytem"]
[Site "playchess.com #662980"]
[Date "2014.03.16"]
[Round "1"]
[White "TheAngryTiger"]
[Black "Promotioncaval"]
[Result "0-1"]
[WhiteElo "1655"]
[BlackElo "2259"]
[PlyCount "108"]
[EventDate "2014.03.16"]
[EventType "swiss (blitz)"]

1. e4 {[%emt 0:00:02]} Nf6 {[%emt 0:00:01]} 2. Nc3 {[%emt 0:00:05]} d5 {[%emt
0:00:02]} 3. exd5 {[%emt 0:00:01]} Nxd5 {[%emt 0:00:01]} 4. Bc4 {[%emt 0:00:01]
} c6 {[%emt 0:00:01]} 5. Nf3 {[%emt 0:00:03]} Bf5 {[%emt 0:00:01]} 6. d4 {
[%emt 0:00:03]} e6 {[%emt 0:00:01]} 7. O-O {[%emt 0:00:02]} Bd6 {[%emt 0:00:01]
} 8. Ne5 {[%emt 0:00:16]} Nxc3 {[%emt 0:00:37]} 9. bxc3 {[%emt 0:00:03]} Bxe5 {
[%emt 0:00:01]} 10. dxe5 {[%emt 0:00:00]} Qxd1 {[%emt 0:00:01]} 11. Rxd1 {
[%emt 0:00:00]} Bxc2 {[%emt 0:00:01]} 12. Rd2 {[%emt 0:00:11]} Bg6 {[%emt 0:00:
05]} 13. Ba3 {[%emt 0:00:02]} Nd7 {[%emt 0:00:02]} 14. f4 {[%emt 0:00:11]}
O-O-O {[%emt 0:00:09]} 15. Bd6 {[%emt 0:00:15]} Be4 {[%emt 0:00:15]} 16. a4 {
[%emt 0:00:17]} Bd5 {[%emt 0:00:09]} 17. Be2 {[%emt 0:00:09]} Nb6 {[%emt 0:00:
17]} 18. a5 {[%emt 0:00:29]} Nc4 {[%emt 0:00:01]} 19. Bxc4 {[%emt 0:00:02]}
Bxc4 {[%emt 0:00:01]} 20. Rb2 {[%emt 0:00:48]} Ba6 {[%emt 0:00:09]} 21. Rab1 {
[%emt 0:00:02]} Rd7 {[%emt 0:00:02]} 22. g4 {[%emt 0:00:15]} Rhd8 {[%emt 0:00:
02]} 23. Rd2 {[%emt 0:00:06]} f6 {[%emt 0:00:29]} 24. Rf2 {[%emt 0:00:27]} Rxd6
{[%emt 0:00:15]} 25. exd6 {[%emt 0:00:00]} Rxd6 {[%emt 0:00:01]} 26. g5 {[%emt
0:00:09]} Rd5 {[%emt 0:00:18]} 27. Re1 {[%emt 0:00:09]} Kd7 {[%emt 0:00:09]}
28. gxf6 {[%emt 0:00:06]} gxf6 {[%emt 0:00:01]} 29. Rg2 {[%emt 0:00:01]} Rxa5 {
[%emt 0:00:12]} 30. Rg7+ {[%emt 0:00:03]} Kd6 {[%emt 0:00:01]} 31. Rxh7 {[%emt
0:00:07]} Rf5 {[%emt 0:00:02]} 32. Rd1+ {[%emt 0:00:10]} Kc5 {[%emt 0:00:02]}
33. Re1 {[%emt 0:00:10]} Bc4 {[%emt 0:00:42]} 34. Rxb7 {[%emt 0:00:09]} Rxf4 {
[%emt 0:00:06]} 35. Rxa7 {[%emt 0:00:10]} Bd5 {[%emt 0:00:01]} 36. Rg7 {[%emt
0:00:26]} Rf3 {[%emt 0:00:08]} 37. Rg3 {[%emt 0:00:05]} Rf4 {[%emt 0:00:04]}
38. Rf1 {[%emt 0:00:21]} Re4 {[%emt 0:00:02]} 39. Rxf6 {[%emt 0:00:04]} Re1+ {
[%emt 0:00:01]} 40. Kf2 {[%emt 0:00:01]} Rh1 {[%emt 0:00:04]} 41. Rh6 {[%emt 0:
00:04]} e5 {[%emt 0:00:03]} 42. h4 {[%emt 0:00:02]} e4 {[%emt 0:00:01]} 43. h5
{[%emt 0:00:02]} Rh2+ {[%emt 0:00:01]} 44. Ke3 {[%emt 0:00:02]} Rc2 {[%emt 0:
00:04]} 45. Rhg6 {[%emt 0:00:06]} Rxc3+ {[%emt 0:00:05]} 46. Kf4 {[%emt 0:00:
01]} Rc1 {[%emt 0:00:01]} 47. h6 {[%emt 0:00:02]} Rh1 {[%emt 0:00:02]} 48. R3g4
{[%emt 0:00:03]} Kd4 {[%emt 0:00:04]} 49. Kg5 {[%emt 0:00:02]} Kd3 {[%emt 0:00:
06]} 50. Rh4 {[%emt 0:00:01]} Rg1+ {[%emt 0:00:05]} 51. Kh5 {[%emt 0:00:02]}
Bf7 {[%emt 0:00:05]} 52. h7 {[%emt 0:00:04]} Bxg6+ {[%emt 0:00:03]} 53. Kh6 {
[%emt 0:00:02]} Bxh7 {[%emt 0:00:01]} 54. Kxh7 {[%emt 0:00:01]} e3 {[%emt 0:00:
01] TheAngryTiger abandonne} 0-1

[Event "T-Director's Swiss sytem"]
[Site "playchess.com #662980"]
[Date "2014.03.16"]
[Round "2"]
[White "Thej"]
[Black "GDnp"]
[Result "1-0"]
[WhiteElo "2274"]
[BlackElo "1621"]
[PlyCount "53"]
[EventDate "2014.03.16"]
[EventType "swiss (blitz)"]

1. Nf3 {[%emt 0:00:02]} d5 {[%emt 0:00:03]} 2. d4 {[%emt 0:00:01]} e6 {[%emt 0:
00:02]} 3. c4 {[%emt 0:00:00]} c5 {[%emt 0:00:02]} 4. cxd5 {[%emt 0:00:02]}
Qxd5 {[%emt 0:00:01]} 5. Nc3 {[%emt 0:00:03]} Qd8 {[%emt 0:00:07]} 6. e4 {
[%emt 0:00:01]} cxd4 {[%emt 0:00:02]} 7. Nxd4 {[%emt 0:00:01]} Bc5 {[%emt 0:00:
07]} 8. Be3 {[%emt 0:00:03]} e5 {[%emt 0:00:11]} 9. Bb5+ {[%emt 0:00:06]} Bd7 {
[%emt 0:00:15]} 10. Nf5 {[%emt 0:00:06]} Bxe3 {[%emt 0:00:19]} 11. fxe3 {[%emt
0:00:06]} Kf8 {[%emt 0:00:37]} 12. Qd6+ {[%emt 0:00:05]} Qe7 {[%emt 0:00:08]}
13. O-O-O {[%emt 0:00:18]} Bxf5 {[%emt 0:00:42]} 14. Qd8+ {[%emt 0:00:06]} Qxd8
{[%emt 0:00:02]} 15. Rxd8+ {[%emt 0:00:02]} Ke7 {[%emt 0:00:00]} 16. Re8+ {
[%emt 0:00:01]} Kf6 {[%emt 0:00:05]} 17. Nd5+ {[%emt 0:00:05]} Kg5 {[%emt 0:00:
08]} 18. h4+ {[%emt 0:00:03]} Kh5 {[%emt 0:00:02]} 19. exf5 {[%emt 0:00:04]} a6
{[%emt 0:00:03]} 20. Be2+ {[%emt 0:00:02]} Kh6 {[%emt 0:00:09]} 21. g4 {[%emt
0:00:01]} g5 {[%emt 0:00:14]} 22. hxg5+ {[%emt 0:00:05]} Kg7 {[%emt 0:00:08]}
23. Bd3 {[%emt 0:00:05]} f6 {[%emt 0:00:15]} 24. gxf6+ {[%emt 0:00:03]} Kf7 {
[%emt 0:00:14]} 25. Rc8 {[%emt 0:00:03]} b5 {[%emt 0:00:24]} 26. g5 {[%emt 0:
00:08]} Nxf6 {[%emt 0:00:13]} 27. Rxh8 {[%emt 0:00:19] GDnp ofrece tablas GDnp
rinde} 1-0

[Event "T-Director's Swiss sytem"]
[Site "playchess.com #662980"]
[Date "2014.03.16"]
[Round "7"]
[White "Thej"]
[Black "Laxman"]
[Result "0-1"]
[WhiteElo "2313"]
[BlackElo "2582"]
[PlyCount "80"]
[EventDate "2014.03.16"]
[EventType "swiss (blitz)"]

1. d4 {[%emt 0:00:02]} Nf6 {[%emt 0:00:01]} 2. Nf3 {[%emt 0:00:02]} e6 {[%emt
0:00:00]} 3. c4 {[%emt 0:00:01]} d5 {[%emt 0:00:01]} 4. Nc3 {[%emt 0:00:02]}
Bb4 {[%emt 0:00:02]} 5. Qb3 {[%emt 0:00:01]} a5 {[%emt 0:00:05]} 6. Bg5 {[%emt
0:00:05]} c6 {[%emt 0:00:04]} 7. e3 {[%emt 0:00:02]} Nbd7 {[%emt 0:00:04]} 8.
a3 {[%emt 0:00:04]} Bxc3+ {[%emt 0:00:01]} 9. Qxc3 {[%emt 0:00:02]} a4 {[%emt
0:00:01]} 10. Bd3 {[%emt 0:00:03]} h6 {[%emt 0:00:06]} 11. Bh4 {[%emt 0:00:03]}
O-O {[%emt 0:00:03]} 12. O-O {[%emt 0:00:05]} Qa5 {[%emt 0:00:12]} 13. Qc2 {
[%emt 0:00:06]} b6 {[%emt 0:00:11]} 14. cxd5 {[%emt 0:00:07]} cxd5 {[%emt 0:00:
01]} 15. Ne5 {[%emt 0:00:09]} Nxe5 {[%emt 0:00:07]} 16. dxe5 {[%emt 0:00:02]}
Nd7 {[%emt 0:00:00]} 17. Be7 {[%emt 0:00:02]} Re8 {[%emt 0:00:04]} 18. Bb4 {
[%emt 0:00:05]} Qa7 {[%emt 0:00:02]} 19. f4 {[%emt 0:00:05]} Ba6 {[%emt 0:00:
03]} 20. Bxa6 {[%emt 0:00:23]} Qxa6 {[%emt 0:00:01]} 21. Qc7 {[%emt 0:00:02]}
Qb5 {[%emt 0:00:05]} 22. Rac1 {[%emt 0:00:05]} Rab8 {[%emt 0:00:09]} 23. f5 {
[%emt 0:00:04]} exf5 {[%emt 0:00:14]} 24. Rxf5 {[%emt 0:00:02]} Qd3 {[%emt 0:
00:06]} 25. Qxd7 {[%emt 0:00:08]} Qxe3+ {[%emt 0:00:01]} 26. Kf1 {[%emt 0:00:
08]} Qxc1+ {[%emt 0:00:00]} 27. Kf2 {[%emt 0:00:05]} Qxb2+ {[%emt 0:00:06]} 28.
Kg3 {[%emt 0:00:07]} Kh8 {[%emt 0:00:38]} 29. Bd6 {[%emt 0:00:15]} Qc3+ {[%emt
0:00:10]} 30. Kh4 {[%emt 0:00:03]} Qd4+ {[%emt 0:00:08]} 31. g4 {[%emt 0:00:06]
} Qg1 {[%emt 0:00:13]} 32. h3 {[%emt 0:00:18]} Qe1+ {[%emt 0:00:09]} 33. Kh5 {
[%emt 0:00:02]} g6+ {[%emt 0:00:09]} 34. Kxh6 {[%emt 0:00:03]} Qe3+ {[%emt 0:
00:16]} 35. Rg5 {[%emt 0:00:25]} Qxh3+ {[%emt 0:00:04]} 36. Rh5 {[%emt 0:00:08]
} gxh5 {[%emt 0:00:04]} 37. Bxb8 {[%emt 0:00:36]} hxg4+ {[%emt 0:00:08]} 38.
Kg5 {[%emt 0:00:02]} Rg8+ {[%emt 0:00:01]} 39. Kf6 {[%emt 0:00:03]} Qh6+ {
[%emt 0:00:06]} 40. Ke7 {[%emt 0:00:06]} Rxb8 {[%emt 0:00:02] Thej resigns} 0-1

[Event "T-Director's Swiss sytem"]
[Site "playchess.com #662980"]
[Date "2014.03.16"]
[Round "8"]
[White "Thej"]
[Black "Pikaboom"]
[Result "1-0"]
[WhiteElo "2307"]
[BlackElo "2031"]
[PlyCount "65"]
[EventDate "2014.03.16"]
[EventType "swiss (blitz)"]

1. d4 {[%emt 0:00:02]} d5 {[%emt 0:00:04]} 2. c4 {[%emt 0:00:01]} c6 {[%emt 0:
00:01]} 3. Nf3 {[%emt 0:00:04]} Nf6 {[%emt 0:00:01]} 4. Nc3 {[%emt 0:00:02]}
dxc4 {[%emt 0:00:10]} 5. g3 {[%emt 0:00:01]} Bf5 {[%emt 0:00:03]} 6. Ne5 {
[%emt 0:00:02]} e6 {[%emt 0:00:04]} 7. Bg2 {[%emt 0:00:03]} Be7 {[%emt 0:00:06]
} 8. O-O {[%emt 0:00:03]} O-O {[%emt 0:00:01]} 9. Nxc4 {[%emt 0:00:02]} Nbd7 {
[%emt 0:00:04]} 10. Bf4 {[%emt 0:00:08]} Nb6 {[%emt 0:00:07]} 11. Na5 {[%emt 0:
00:05]} Qd7 {[%emt 0:00:06]} 12. e4 {[%emt 0:00:04]} Bg6 {[%emt 0:00:02]} 13.
h3 {[%emt 0:00:13]} Rfd8 {[%emt 0:00:03]} 14. Nb3 {[%emt 0:00:08]} a5 {[%emt 0:
00:07]} 15. a4 {[%emt 0:00:04]} Nc4 {[%emt 0:00:07]} 16. Qe2 {[%emt 0:00:04]}
b5 {[%emt 0:00:02]} 17. Rfd1 {[%emt 0:00:03]} Rac8 {[%emt 0:00:14]} 18. Nc5 {
[%emt 0:00:08]} Bxc5 {[%emt 0:00:05]} 19. dxc5 {[%emt 0:00:03]} Qe7 {[%emt 0:
00:14]} 20. Bd6 {[%emt 0:00:15]} Nxd6 {[%emt 0:00:03]} 21. cxd6 {[%emt 0:00:03]
} Qb7 {[%emt 0:00:15]} 22. axb5 {[%emt 0:00:04]} cxb5 {[%emt 0:00:13]} 23. e5 {
[%emt 0:00:02]} Nd5 {[%emt 0:00:01]} 24. Nxd5 {[%emt 0:00:05]} exd5 {[%emt 0:
00:03]} 25. Bxd5 {[%emt 0:00:02]} Qb6 {[%emt 0:00:02]} 26. Rac1 {[%emt 0:00:04]
} Bf5 {[%emt 0:00:30]} 27. Qf3 {[%emt 0:00:10]} Be6 {[%emt 0:00:04]} 28. Bxe6 {
[%emt 0:00:07]} fxe6 {[%emt 0:00:00]} 29. Qg4 {[%emt 0:00:11]} Kf7 {[%emt 0:00:
12]} 30. Kg2 {[%emt 0:00:23]} Qb7+ {[%emt 0:00:07]} 31. Qf3+ {[%emt 0:00:02]}
Qxf3+ {[%emt 0:00:02]} 32. Kxf3 {[%emt 0:00:01]} Ke8 {[%emt 0:00:01]} 33. Rxc8
{[%emt 0:00:04] Pikaboom abandonne} 1-0

[Event "T-Director's Swiss sytem"]
[Site "playchess.com #662980"]
[Date "2014.03.16"]
[Round "4"]
[White "Thej"]
[Black "Schoutenj"]
[Result "1-0"]
[WhiteElo "2276"]
[BlackElo "2014"]
[PlyCount "75"]
[EventDate "2014.03.16"]
[EventType "swiss (blitz)"]

1. Nf3 {[%emt 0:00:03]} b6 {[%emt 0:00:03]} 2. d4 {[%emt 0:00:01]} Bb7 {[%emt
0:00:01]} 3. c4 {[%emt 0:00:01]} e6 {[%emt 0:00:02]} 4. g3 {[%emt 0:00:01]} c5
{[%emt 0:00:02]} 5. d5 {[%emt 0:00:02]} Nf6 {[%emt 0:00:04]} 6. Nc3 {[%emt 0:
00:03]} exd5 {[%emt 0:00:03]} 7. cxd5 {[%emt 0:00:02]} d6 {[%emt 0:00:01]} 8.
Bg2 {[%emt 0:00:04]} g6 {[%emt 0:00:02]} 9. O-O {[%emt 0:00:02]} Bg7 {[%emt 0:
00:01]} 10. e4 {[%emt 0:00:02]} Nbd7 {[%emt 0:00:04]} 11. h3 {[%emt 0:00:04]}
O-O {[%emt 0:00:01]} 12. a4 {[%emt 0:00:02]} Re8 {[%emt 0:00:01]} 13. Re1 {
[%emt 0:00:01]} a6 {[%emt 0:00:10]} 14. Qc2 {[%emt 0:00:13]} Rb8 {[%emt 0:00:
15]} 15. Bg5 {[%emt 0:00:18]} Qc7 {[%emt 0:00:08]} 16. Nd2 {[%emt 0:00:09]} Ba8
{[%emt 0:00:25]} 17. Bf1 {[%emt 0:00:10]} Bb7 {[%emt 0:00:04]} 18. Nc4 {[%emt
0:00:03]} Bc8 {[%emt 0:00:10]} 19. Bf4 {[%emt 0:00:04]} Ne5 {[%emt 0:00:07]
Schoutenj doet een remise aanbod} 20. Nxe5 {[%emt 0:00:16]} dxe5 {[%emt 0:00:
03]} 21. Be3 {[%emt 0:00:02]} Qd6 {[%emt 0:00:20]} 22. b3 {[%emt 0:00:11]} Nd7
{[%emt 0:00:17]} 23. Rad1 {[%emt 0:00:04]} Rf8 {[%emt 0:00:03] Schoutenj doet
een remise aanbod} 24. h4 {[%emt 0:00:14]} Nf6 {[%emt 0:00:01]} 25. f3 {[%emt
0:00:03]} Ne8 {[%emt 0:00:03]} 26. Nb1 {[%emt 0:00:10]} Nc7 {[%emt 0:00:05]}
27. Na3 {[%emt 0:00:04]} Qd8 {[%emt 0:01:05]} 28. a5 {[%emt 0:00:12]} b5 {
[%emt 0:00:48]} 29. Bxc5 {[%emt 0:00:05]} Re8 {[%emt 0:00:00]} 30. b4 {[%emt 0:
00:04]} f5 {[%emt 0:00:02]} 31. Bf2 {[%emt 0:00:21]} fxe4 {[%emt 0:00:12]
Schoutenj doet een remise aanbod} 32. fxe4 {[%emt 0:00:03]} Rf8 {[%emt 0:00:10]
} 33. Bb6 {[%emt 0:00:08]} Rb7 {[%emt 0:00:06]} 34. d6 {[%emt 0:00:03]} Bg4 {
[%emt 0:00:20]} 35. dxc7 {[%emt 0:00:05]} Qf6 {[%emt 0:00:11]} 36. Rd8 {[%emt
0:00:08]} Rxb6 {[%emt 0:00:21]} 37. axb6 {[%emt 0:00:04]} Qxb6+ {[%emt 0:00:01]
} 38. Qc5 {[%emt 0:00:03] Schoutenj geeft op} 1-0

[Event "T-Director's Swiss sytem"]
[Site "playchess.com #662980"]
[Date "2014.03.16"]
[Round "1"]
[White "Thej"]
[Black "Whn"]
[Result "0-1"]
[WhiteElo "2307"]
[BlackElo "1656"]
[PlyCount "110"]
[EventDate "2014.03.16"]
[EventType "swiss (blitz)"]

1. d4 {[%emt 0:00:01]} c5 {[%emt 0:00:02]} 2. d5 {[%emt 0:00:03]} d6 {[%emt 0:
00:01]} 3. Nc3 {[%emt 0:00:02]} Nf6 {[%emt 0:00:02]} 4. e4 {[%emt 0:00:01]} e5
{[%emt 0:00:01]} 5. Be2 {[%emt 0:00:03]} Be7 {[%emt 0:00:02]} 6. Nf3 {[%emt 0:
00:01]} Nbd7 {[%emt 0:00:02]} 7. Nd2 {[%emt 0:00:02]} O-O {[%emt 0:00:02]} 8.
a4 {[%emt 0:00:01]} a6 {[%emt 0:00:01]} 9. O-O {[%emt 0:00:02]} b6 {[%emt 0:00:
01]} 10. Nc4 {[%emt 0:00:02]} Bb7 {[%emt 0:00:06]} 11. h3 {[%emt 0:00:02]} h6 {
[%emt 0:00:06]} 12. Be3 {[%emt 0:00:09]} Nh7 {[%emt 0:00:02]} 13. g3 {[%emt 0:
00:05]} Bc8 {[%emt 0:00:14]} 14. Kg2 {[%emt 0:00:10]} Qc7 {[%emt 0:00:06]} 15.
h4 {[%emt 0:00:02]} f5 {[%emt 0:00:14]} 16. exf5 {[%emt 0:00:03]} Rxf5 {[%emt
0:00:02]} 17. Bg4 {[%emt 0:00:03]} Rf8 {[%emt 0:00:02]} 18. Be6+ {[%emt 0:00:
03]} Kh8 {[%emt 0:00:01]} 19. Ne4 {[%emt 0:00:02]} Ndf6 {[%emt 0:00:04]} 20. f3
{[%emt 0:00:12]} Rb8 {[%emt 0:00:03]} 21. Bxc8 {[%emt 0:00:03]} Rbxc8 {[%emt 0:
00:09]} 22. Qd3 {[%emt 0:00:05]} b5 {[%emt 0:00:21]} 23. axb5 {[%emt 0:00:04]}
axb5 {[%emt 0:00:01]} 24. Na5 {[%emt 0:00:02]} b4 {[%emt 0:00:02]} 25. Nc4 {
[%emt 0:00:06]} Nxe4 {[%emt 0:00:06]} 26. fxe4 {[%emt 0:00:04]} Nf6 {[%emt 0:
00:01]} 27. Bg1 {[%emt 0:00:09]} Ra8 {[%emt 0:00:08]} 28. Qe2 {[%emt 0:00:04]}
Qb7 {[%emt 0:00:06]} 29. g4 {[%emt 0:00:06]} Rxa1 {[%emt 0:00:02]} 30. Rxa1 {
[%emt 0:00:02]} Ra8 {[%emt 0:00:00]} 31. Rxa8+ {[%emt 0:00:04]} Qxa8 {[%emt 0:
00:02]} 32. g5 {[%emt 0:00:00]} Ng8 {[%emt 0:00:08]} 33. gxh6 {[%emt 0:00:04]}
Nxh6 {[%emt 0:00:01]} 34. Bf2 {[%emt 0:00:05]} Qc8 {[%emt 0:00:04]} 35. Bg3 {
[%emt 0:00:04]} Qg4 {[%emt 0:00:07]} 36. Qxg4 {[%emt 0:00:02]} Nxg4 {[%emt 0:
00:01]} 37. Kf3 {[%emt 0:00:01]} Nf6 {[%emt 0:00:05]} 38. Nb6 {[%emt 0:00:05]}
Kg8 {[%emt 0:00:06]} 39. c3 {[%emt 0:00:02]} Kf7 {[%emt 0:00:02]} 40. cxb4 {
[%emt 0:00:02]} cxb4 {[%emt 0:00:02]} 41. b3 {[%emt 0:00:01]} Bd8 {[%emt 0:00:
07]} 42. Nc8 {[%emt 0:00:02]} Bc7 {[%emt 0:00:01]} 43. Na7 {[%emt 0:00:03]} Bb6
{[%emt 0:00:06]} 44. Nc6 {[%emt 0:00:01]} Bc5 {[%emt 0:00:03]} 45. Be1 {[%emt
0:00:00]} Kg6 {[%emt 0:00:07]} 46. Bxb4 {[%emt 0:00:02]} Bxb4 {[%emt 0:00:02]}
47. Nxb4 {[%emt 0:00:01]} Kh5 {[%emt 0:00:00]} 48. Nc6 {[%emt 0:00:03]} Kxh4 {
[%emt 0:00:03]} 49. b4 {[%emt 0:00:01]} g5 {[%emt 0:00:02]} 50. b5 {[%emt 0:00:
01]} Nd7 {[%emt 0:00:01]} 51. Ne7 {[%emt 0:00:03]} g4+ {[%emt 0:00:01]} 52. Ke3
{[%emt 0:00:02]} Kh3 {[%emt 0:00:05]} 53. Nf5 {[%emt 0:00:05]} g3 {[%emt 0:00:
01]} 54. Kf3 {[%emt 0:00:42]} g2 {[%emt 0:00:03]} 55. Kf2 {[%emt 0:00:04]} Kh2
{[%emt 0:00:01] Thej resigns} 0-1

[Event "T-Director's Swiss sytem"]
[Site "playchess.com #662980"]
[Date "2014.03.16"]
[Round "7"]
[White "Tudorache M"]
[Black "Fabdraguignan"]
[Result "1-0"]
[WhiteElo "1758"]
[BlackElo "1569"]
[PlyCount "69"]
[EventDate "2014.03.16"]
[EventType "swiss (blitz)"]

1. e4 {[%emt 0:00:02]} e5 {[%emt 0:00:06]} 2. Nf3 {[%emt 0:00:08]} Nc6 {[%emt
0:00:05]} 3. Bb5 {[%emt 0:00:02]} a6 {[%emt 0:00:02]} 4. Ba4 {[%emt 0:00:01]}
Nf6 {[%emt 0:00:02]} 5. O-O {[%emt 0:00:01]} Be7 {[%emt 0:00:02]} 6. Re1 {
[%emt 0:00:03]} b5 {[%emt 0:00:02]} 7. Bb3 {[%emt 0:00:01]} d6 {[%emt 0:00:01]}
8. c3 {[%emt 0:00:02]} O-O {[%emt 0:00:03]} 9. h3 {[%emt 0:00:01]} Nb8 {[%emt
0:00:02]} 10. d3 {[%emt 0:00:02]} Nbd7 {[%emt 0:00:05]} 11. Qe2 {[%emt 0:00:01]
} Re8 {[%emt 0:00:07]} 12. Be3 {[%emt 0:00:02]} Bf8 {[%emt 0:00:02]} 13. Nbd2 {
[%emt 0:00:01]} c5 {[%emt 0:00:03]} 14. g4 {[%emt 0:00:03]} h6 {[%emt 0:00:12]}
15. Nf1 {[%emt 0:00:02]} Nh7 {[%emt 0:00:03]} 16. Ng3 {[%emt 0:00:07]} g6 {
[%emt 0:00:03]} 17. Qd2 {[%emt 0:00:02]} Qf6 {[%emt 0:00:04]} 18. Kg2 {[%emt 0:
00:05]} Qg7 {[%emt 0:00:13]} 19. Nh4 {[%emt 0:00:08]} Nb6 {[%emt 0:00:10]} 20.
f4 {[%emt 0:00:03]} exf4 {[%emt 0:00:06]} 21. Bxf4 {[%emt 0:00:01]} g5 {[%emt
0:00:01]} 22. Ngf5 {[%emt 0:00:02]} Qf6 {[%emt 0:00:05]} 23. Rf1 {[%emt 0:00:
28]} gxf4 {[%emt 0:00:11]} 24. Rxf4 {[%emt 0:00:01]} Bxf5 {[%emt 0:00:01]} 25.
Nxf5 {[%emt 0:00:02]} c4 {[%emt 0:00:13]} 26. Bc2 {[%emt 0:00:04]} d5 {[%emt 0:
00:33]} 27. Raf1 {[%emt 0:00:12]} Qg5 {[%emt 0:00:11]} 28. Qf2 {[%emt 0:00:14]}
Nd7 {[%emt 0:00:12]} 29. d4 {[%emt 0:00:11]} dxe4 {[%emt 0:00:29]} 30. Bxe4 {
[%emt 0:00:00]} Ra7 {[%emt 0:00:04]} 31. h4 {[%emt 0:00:15]} Qf6 {[%emt 0:00:
12]} 32. Ne3 {[%emt 0:00:14]} Qd6 {[%emt 0:00:18]} 33. Bxh7+ {[%emt 0:00:03]}
Kxh7 {[%emt 0:00:05]} 34. Rxf7+ {[%emt 0:00:01]} Bg7 {[%emt 0:00:05]} 35. Rxg7+
{[%emt 0:00:20] Fabdraguignan abandonne} 1-0

[Event "T-Director's Swiss sytem"]
[Site "playchess.com #662980"]
[Date "2014.03.16"]
[Round "6"]
[White "Tudorache M"]
[Black "Holzpferdchen"]
[Result "0-1"]
[WhiteElo "1789"]
[BlackElo "1433"]
[PlyCount "122"]
[EventDate "2014.03.16"]
[EventType "swiss (blitz)"]

1. e4 {[%emt 0:00:01]} e5 {[%emt 0:00:02]} 2. Nf3 {[%emt 0:00:02]} Nf6 {[%emt
0:00:02]} 3. Nxe5 {[%emt 0:00:02]} d6 {[%emt 0:00:03]} 4. Nf3 {[%emt 0:00:03]}
Nxe4 {[%emt 0:00:01]} 5. Nc3 {[%emt 0:00:01]} Nxc3 {[%emt 0:00:01]} 6. dxc3 {
[%emt 0:00:00]} Bg4 {[%emt 0:00:01]} 7. Be3 {[%emt 0:00:01]} Nc6 {[%emt 0:00:
02]} 8. Qd2 {[%emt 0:00:01]} Qd7 {[%emt 0:00:01]} 9. O-O-O {[%emt 0:00:02]}
O-O-O {[%emt 0:00:01]} 10. Be2 {[%emt 0:00:01]} h6 {[%emt 0:00:03]} 11. Kb1 {
[%emt 0:00:03]} g5 {[%emt 0:00:06]} 12. Rhe1 {[%emt 0:00:05]} Bg7 {[%emt 0:00:
02]} 13. h3 {[%emt 0:00:10]} Be6 {[%emt 0:00:04]} 14. Bb5 {[%emt 0:00:10]} Rhe8
{[%emt 0:00:04]} 15. Re2 {[%emt 0:00:04]} f5 {[%emt 0:00:02]} 16. Rde1 {[%emt
0:00:03]} Qf7 {[%emt 0:00:15]} 17. Bxc6 {[%emt 0:00:07]} Bxa2+ {[%emt 0:00:06]}
18. Ka1 {[%emt 0:00:03]} bxc6 {[%emt 0:00:05]} 19. b3 {[%emt 0:00:01]} Bxb3 {
[%emt 0:00:06]} 20. cxb3 {[%emt 0:00:01]} Qxb3 {[%emt 0:00:00]} 21. Bd4 {[%emt
0:00:03]} Rxe2 {[%emt 0:00:07]} 22. Rxe2 {[%emt 0:00:05]} g4 {[%emt 0:00:19]}
23. Bxg7 {[%emt 0:00:03]} gxf3 {[%emt 0:00:02]} 24. gxf3 {[%emt 0:00:11]} Rg8 {
[%emt 0:00:17]} 25. Re7 {[%emt 0:00:02]} d5 {[%emt 0:00:15]} 26. Qe3 {[%emt 0:
00:10]} Qd1+ {[%emt 0:00:28]} 27. Kb2 {[%emt 0:00:04]} Qa4 {[%emt 0:00:25]} 28.
Qe6+ {[%emt 0:00:04]} Kb7 {[%emt 0:00:05]} 29. Qxg8 {[%emt 0:00:02]} Qb5+ {
[%emt 0:00:04]} 30. Kc2 {[%emt 0:00:05]} Qa4+ {[%emt 0:00:06]} 31. Kd2 {[%emt
0:00:02]} Qa2+ {[%emt 0:00:12]} 32. Ke3 {[%emt 0:00:04]} Qc4 {[%emt 0:00:14]}
33. Rd7 {[%emt 0:00:19]} d4+ {[%emt 0:00:07]} 34. Rxd4 {[%emt 0:00:11]} Qxg8 {
[%emt 0:00:02]} 35. Be5 {[%emt 0:00:31]} c5 {[%emt 0:00:32]} 36. Rd7 {[%emt 0:
00:05]} Qe6 {[%emt 0:00:11]} 37. Rxc7+ {[%emt 0:00:03]} Kb6 {[%emt 0:00:02]}
38. f4 {[%emt 0:00:02]} a5 {[%emt 0:00:11]} 39. Rg7 {[%emt 0:00:15]} a4 {[%emt
0:00:09]} 40. h4 {[%emt 0:00:09]} a3 {[%emt 0:00:06]} 41. h5 {[%emt 0:00:01]}
a2 {[%emt 0:00:03]} 42. Rg1 {[%emt 0:00:05]} c4 {[%emt 0:00:03]} 43. Kd4 {
[%emt 0:00:08]} Kb5 {[%emt 0:00:21]} 44. Ra1 {[%emt 0:00:13]} Qb6+ {[%emt 0:00:
05]} 45. Kd5 {[%emt 0:00:05]} Qa5 {[%emt 0:00:09]} 46. Bd4 {[%emt 0:00:07]} Qa3
{[%emt 0:00:10]} 47. Rg1 {[%emt 0:00:09]} Qa4 {[%emt 0:00:07]} 48. Rg6 {[%emt
0:00:06]} Qd1 {[%emt 0:00:13]} 49. Rb6+ {[%emt 0:00:04]} Ka5 {[%emt 0:00:02]}
50. Rxh6 {[%emt 0:00:05]} a1=Q {[%emt 0:00:02]} 51. Kxc4 {[%emt 0:00:09]} Qaa4+
{[%emt 0:00:08]} 52. Kc5 {[%emt 0:00:03]} Qb5+ {[%emt 0:00:09]} 53. Kd6 {[%emt
0:00:01]} Qa6+ {[%emt 0:00:02]} 54. Ke5 {[%emt 0:00:02]} Qxh6 {[%emt 0:00:01]}
55. Kxf5 {[%emt 0:00:01]} Qhxh5+ {[%emt 0:00:01]} 56. Ke4 {[%emt 0:00:02]}
Qhf3+ {[%emt 0:00:02]} 57. Ke5 {[%emt 0:00:01]} Qdd3 {[%emt 0:00:02]} 58. Be3 {
[%emt 0:00:05]} Qfe4+ {[%emt 0:00:02]} 59. Kf6 {[%emt 0:00:01]} Qe5+ {[%emt 0:
00:01]} 60. Kf7 {[%emt 0:00:02]} Qef5+ {[%emt 0:00:01]} 61. Ke7 {[%emt 0:00:01]
} Qa6 {[%emt 0:00:03] Tudorache M resigns} 0-1